| 000 | 00451nam a2200181Ia 4500 | ||
|---|---|---|---|
| 003 | 0100 | ||
| 008 | 130303s9999 xx 000 0 und d | ||
| 040 | _cARRUPELIB | ||
| 050 | _aB21.B57 1971 | ||
| 245 | _aMeaning and existence | ||
| 245 | _bintroductory readings in philosophy | ||
| 260 | _aNew York | ||
| 260 | _bHolt, Rinehart and Winston | ||
| 260 | _C1971 | ||
| 300 | _a817p.24cm | ||
| 700 | _aEdited by William T. Blackstone | ||
| 942 | 0 | 0 | _01 |
| 999 |
_c32809 _d32809 |
||